Statistiques concernant La religion et les aventures de Tintin

Cliquez ici pour prendre le quiz!

Statistiques générales

  • Ce quiz a été pris 87 fois
  • Le résultat moyen est 12 sur 20

Statistiques - réponses

QuestionsRéponses% Correct
Oiseau de proie avec lequel cet évangéliste est souvent représenté.Un aigle
94%
Philistin vaincu par David qui est comparé à un buffle dans ce même album (réponse #2) à la planche 59.Goliath
91%
Grande basilique romaine où selon les exagérations du Capitaine Haddock, le bateau du Capitaine Chester qu'il commande pour l'occasion, le Sirius, se trouverait actuellement s'il avait suivi les calculs fantaisistes de Dupond et Dupont.La Basilique Saint Pierre
88%
Complétez ce vœu du Chevalier François de Hadoque lorsqu'il vainquit Rackham le Rouge en duel : "Que Dieu lui _______ tous ses crimes !"Pardonne
87%
Album des aventures de Tintin dans lequel apparaît un missionnaire.Tintin au Congo
87%
Roi d'Israël, fils de David, à qui il est fait référence dans l'album précédent (pl.27), notamment à travers son "jugement", litige opposant deux femmes, qui revendiquent chacune la maternité du même enfant.Salomon
86%
Apôtre évangéliste dont la statue à Moulinsart se dresse derrière le trésor de Rackham le Rouge, caché dans un globe terrestre.Saint Jean
83%
Ami d'Hergé qui a été mis en contact avec lui par le truchement de l'abbé Léon Gosset, aumônier des étudiants chinois de l'université de Louvain. Cet ami lui appris beaucoup sur la civilisation chinoise et l'incita à mieux se documenter sur ses albums pour plus de réalisme et moins de poncifs. Il lui inspirera un personnage homonyme qui apparaît dans "Le Lotus bleu" et dans "Tintin au Tibet".Tchang Tchong-jen
74%
Quotidien catholique dirigé par l'abbé Norbert Wallez dans lequel Tintin apparut pour la première fois en 1929.Le Vingtième Siècle
60%
Bandit à propos duquel Tintin dira "Dieu ait son âme, mais c’était un rude coquin !…" lorsqu'il apprit la nouvelle de son "hara kiri".Mitsuhirato
59%
Animateur de l'émission de télévision Apostrophes sur le plateau de laquelle Hergé déclara (en date du 5 janvier 1979) que cela ralentirait l'action que de montrer Tintin assistant à la messe.Bernard Pivot
56%
Île grecque faisant partie de l'archipel du Dodécanèse, dans la mer Égée, non loin des côtes turque et sur laquelle l'apôtre reçut de Jésus-Christ la révélation qui prit le nom d'Apocalypse.Patmos
56%
Pays fictif qui célèbre la Saint-Wladimir, jour où chaque année, le Roi fait le tour de la capitale avec son sceptre.La Syldavie
55%
Fidèle compagnon de Tintin qui hésitant à boire du whisky se trouvait tiraillé entre la vision d'un démon qui l'encourageait (c'est bon ça, l'alcool, ça donne du cœur au ventre) et celle d'un ange qui l'en décourageait.Milou
53%
Ingénieur dont le sacrifice dans la fusée lunaire était inacceptable pour certains personnages bien-pensants qui y voyaient un "suicide" là où Hergé y voyait un "sacrifice". "Le soldat qui se fait sauter avec un pont, l'Église lui refusera-t-elle son ticket pour le Paradis ?" disait Hergé à Numa Sadoul. Le dessinateur finit par céder et revoir la scène en laissant suggérer la possibilité d'un miracle.Frank Wolff
44%
Complétez cette réplique du film "Tintin et le Mystère de la Toison d'or". Tintin (Jean-Pierre Talbot) et Haddock (Georges Wilson) rencontrèrent Alexandre (Charles Vanel) devenu ermite dans l'un des Monastères des Météores perchés aux sommets de falaises et de pitons rocheux, en Thessalie dans le nord de la Grèce. L'ermite dit :

"Mais cet or brûlera vos ___ et vos cœurs, croyez-moi"
Mains
29%
Insulte du Capitaine Haddock qui se dit d'un individu qui croit à une doctrine, une opinion émise au sein de l'Église catholique mais condamnée par elle. L'insulte apparaît dans "Le crabe aux pinces d'or" à la planche 55.Hérétique
27%
Insulte du Capitaine Haddock qui fait notamment référence aux protestants du XVIe siècle qui, incités par des prédicateurs comme Jean Calvin ou Ulrich Zwingli, détruisirent de nombreux objets et lieux de culte catholiques. Notamment des églises entières (environ 10 000 d'entre elles) furent détruites en France pendant les "Guerres de religions" à partir de 1562.Iconoclaste
27%
Faux prophète qui annonce la fin des temps dans "L'étoile mystérieuse".Philippulus
21%
Magazine hebdomadaire catholique dans lequel Hergé publia Tintin pour la première fois en France. Collaboration parfois houleuse qui dura de 1930 à 1949.Cœurs vaillants
17%

Distribution des résultats

Percentile par nombre de réponses

% des personnes avec chaque résultat

Votre développement - résultats

Vous n’avez pas pris ce quiz